00843nam a22002417a 4500999001500000001000500015003000900020005001700029008004100046020001500087040003800102082001600140100001700156245010900173250002400282260004200306300004700348650002100395700001600416700002800432942001200460952012900472 c3923d39238361BD-DhUAP20210131123302.0200315s2003 ii a|||| |||| 00| 0 eng d a812192197X aBD-DhUAPbEngcBD-DhUAPdBD-DhUAP 223a425 WRE aWren, P. C.  aHigh school English grammar & composition /cP. C. Wren and H. Martin ; revised by N. D. V. Prasada Rao. aMulticolor edition. aNew Delhi :bS. Chand & sons,cc2003. aviii, 418 pages :billustrations ;c22 cm. aEnglish grammar. aMartin, H.  aRao, N. D. V. Prasada.  2ddccBK 00102ddc4070aUAPCLbUAPCLcGeneral Stacksd2020-03-15l2o425 WREp3010008361r2025-08-02s2025-07-19t1w2020-03-15yBK